zpět

Detail výsledku týmu

Simply Coffee, Pardubice

Datum a čas kvízu

33.5 Celkem bodů Celkový počet nahraných bodů na tomto kvízu bez doplňovacích otázek.
2. Pořadí na kvízu Konečné umístění týmu na tomto kvízu.

Zaznamenané odpovědi

# Otázka Odpověď Body Výsledky
1. Na půdě Poslanecké sněmovny se... obrázek Milady Horákové 1
2. Ruské úřady zrušily po dvou le... Telegram 1
3. V sobotu se konalo odložené vy... Jiří Černý 0
4. České dráhy minulý týden vylep... Můj vlak 1
5. Hokejové Pardubice po vstupu n... Jakub Nakládal 1
6. Napište dvě řecké předpony pou... mega, mikro 0.5
7. První záchytný bod v původní č... 320 000 Kč 1
8. Uveďte právní formu Milionu ch... B 1
9. V žebříčku deseti měst USA s v... Kalifornie a Texas 0
10. Slunce je od Země vzdáleno zhr... 8 minut 1